The TKT course : (Record no. 6243)

MARC details
000 -LEADER
fixed length control field 01421cam a2200409 a 4500
001 - CONTROL NUMBER
control field 16775227
003 - CONTROL NUMBER IDENTIFIER
control field OSt
005 - DATE AND TIME OF LATEST TRANSACTION
control field 20231127073319.0
008 - FIXED-LENGTH DATA ELEMENTS--GENERAL INFORMATION
fixed length control field 110512s2011 enka 001 0 eng
010 ## - LIBRARY OF CONGRESS CONTROL NUMBER
LC control number 2011378176
015 ## - NATIONAL BIBLIOGRAPHY NUMBER
National bibliography number GBB0A7450
Source bnb
016 7# - NATIONAL BIBLIOGRAPHIC AGENCY CONTROL NUMBER
Record control number 015644064
Source Uk
020 ## - INTERNATIONAL STANDARD BOOK NUMBER
International Standard Book Number 9780521125659 (pbk.)
020 ## - INTERNATIONAL STANDARD BOOK NUMBER
International Standard Book Number 0521125650 (pbk.)
035 ## - SYSTEM CONTROL NUMBER
System control number (OCoLC)ocn663441094
040 ## - CATALOGING SOURCE
Original cataloging agency UKM
Transcribing agency UKM
Modifying agency DLC
042 ## - AUTHENTICATION CODE
Authentication code lccopycat
050 00 - LIBRARY OF CONGRESS CALL NUMBER
Classification number PE1128.A2
Item number 420.07 S674 2005
082 04 - DEWEY DECIMAL CLASSIFICATION NUMBER
Classification number 420.07 S674 2005
Edition number 22
100 1# - MAIN ENTRY--PERSONAL NAME
Personal name Spratt, Mary.
245 14 - TITLE STATEMENT
Title The TKT course :
Remainder of title teaching knowledge test : modules 1, 2 and 3 /
Statement of responsibility, etc. Mary Spratt, Alan Pulverness, Melanie Williams.
250 ## - EDITION STATEMENT
Edition statement 2nd ed.
260 ## - PUBLICATION, DISTRIBUTION, ETC.
Place of publication, distribution, etc. Cambridge ;
-- New York :
Name of publisher, distributor, etc. Cambridge University Press,
Date of publication, distribution, etc. 2011.
300 ## - PHYSICAL DESCRIPTION
Extent 255 p. :
Other physical details ill. ;
Dimensions 25 cm.
500 ## - GENERAL NOTE
General note Previous ed.: published as The TKT course. 2005.
500 ## - GENERAL NOTE
General note Includes index.
650 #0 - SUBJECT ADDED ENTRY--TOPICAL TERM
Topical term or geographic name entry element English language
General subdivision Study and teaching
-- Foreign speakers.
650 #0 - SUBJECT ADDED ENTRY--TOPICAL TERM
Topical term or geographic name entry element English language
General subdivision Examinations
Form subdivision Study guides.
650 #0 - SUBJECT ADDED ENTRY--TOPICAL TERM
Topical term or geographic name entry element English teachers
General subdivision Training of.
650 #0 - SUBJECT ADDED ENTRY--TOPICAL TERM
Topical term or geographic name entry element Education, Bilingual
General subdivision Teacher training.
700 1# - ADDED ENTRY--PERSONAL NAME
Personal name Pulverness, Alan.
700 1# - ADDED ENTRY--PERSONAL NAME
Personal name Williams, Melanie,
Dates associated with a name 1952-
700 1# - ADDED ENTRY--PERSONAL NAME
Personal name Spratt, Mary.
Title of a work TKT course.
906 ## - LOCAL DATA ELEMENT F, LDF (RLIN)
a 7
b cbc
c copycat
d 2
e ncip
f 20
g y-gencatlg
942 ## - ADDED ENTRY ELEMENTS (KOHA)
Source of classification or shelving scheme Dewey Decimal Classification
Koha item type English Book
Suppress in OPAC No
Holdings
Withdrawn status Lost status Source of classification or shelving scheme Damaged status Not for loan Home library Current library Date acquired Total Checkouts Full call number Barcode Date last seen Price effective from Koha item type
    Dewey Decimal Classification     CENTRAL CENTRAL 11/12/2023   420.07 S674 2011 1000000015542 11/12/2023 11/12/2023 English Book